| 000 | 00963cab a2200289 4500 | ||
|---|---|---|---|
| 001 | ABS58906 | ||
| 008 | 090401t1998 xxu||||| |||| 00| 0 eng d | ||
| 035 | _a(Sirsi) u86980 | ||
| 041 | _aeng | ||
| 245 | _aAt your service | ||
| 260 | _c1998 | ||
| 350 | _a0 | ||
| 490 |
_aEstates Gazette _v(9824) 13 June 1998, 120-121(2) |
||
| 520 | _aA Mainly for Students article which provides an overview of service charges, covering issues such as investors` requirements, sinking funds, apportionment and, accounting and paying. Includes details of what should and should not be included in service charges. | ||
| 650 | _aAPPORTIONMENT | ||
| 650 | _aESTIMATES | ||
| 650 | _aINVESTMENT VALUE | ||
| 650 | _aLANDLORD | ||
| 650 | _aMARKET RENTS | ||
| 650 | _aSERVICE CHARGES | ||
| 650 | _aSINKING FUNDS | ||
| 650 | _aTENANT | ||
| 650 | _a`SWEEPING UP` PROVISIONS | ||
| 690 | _aLANDLORD AND TENANT-BUSINESS TENANCIES | ||
| 942 | _n0 | ||
| 948 | _c24/06/1998 | ||
| 999 |
_c54783 _d54783 |
||